00370nam a22001337a 450000500170000000800410001704100120005808200130007010000120008324500400009526000460013530000290018165000260021020240827131426.0240827b |||||||| |||| 00| 0 eng d aEnglish a349 LAW  lEnglish aVOET. Book XXXVI. Titles I and II.  aCape Town: bJuta and Company Ltd, c1897 bxi, 183 pages; c25 cm.  aLegal practice bLaw